Départements au bord de la France - Statistiques

Statistiques générales
  • Ce quiz a été pris 68 fois
  • Le résultat moyen est 42 sur 49
Statistiques - réponses
Réponse % Correct
Finistère
98%
Gironde
97%
Nord
97%
Alpes-Maritimes
94%
Calvados
94%
Loire-Atlantique
94%
Pyrénées-Orientales
94%
Aude
92%
Bas-Rhin
92%
Bouches-du-Rhône
92%
Charente-Maritime
92%
Hérault
92%
Pas-de-Calais
92%
Var
92%
Vendée
92%
Haut-Rhin
90%
Landes
90%
Morbihan
90%
Pyrénées-Atlantiques
90%
Gard
89%
Hautes-Alpes
89%
Haute-Savoie
89%
Savoie
89%
Côtes-d'Armor
87%
Seine-Maritime
87%
Alpes-de-Haute-Provence
85%
Moselle
85%
Ariège
84%
Hautes-Pyrénées
84%
Jura
84%
Doubs
82%
Haute-Garonne
82%
Manche
82%
Somme
82%
Territoire de Belfort
82%
Ain
81%
Ille-et-Vilaine
81%
Meurthe-et-Moselle
81%
Ardennes
79%
Aisne
76%
Guadeloupe
76%
Guyane
76%
La Réunion
76%
Martinique
76%
Corse-du-Sud
74%
Haute-Corse
74%
Meuse
74%
Mayotte
73%
Eure
66%
Aucun quiz correspondant
Distribution des résultats
% des personnes avec chaque résultat
Percentile par nombre de réponses
Votre historique - résultats
Vous n’avez pas pris ce quiz